|
|
|
|
| LEADER |
02863nam a22005415i 4500 |
| 001 |
978-3-319-15455-8 |
| 003 |
DE-He213 |
| 005 |
20151204141926.0 |
| 007 |
cr nn 008mamaa |
| 008 |
150226s2015 gw | s |||| 0|eng d |
| 020 |
|
|
|a 9783319154558
|9 978-3-319-15455-8
|
| 024 |
7 |
|
|a 10.1007/978-3-319-15455-8
|2 doi
|
| 040 |
|
|
|d GrThAP
|
| 050 |
|
4 |
|a TA177.4-185
|
| 072 |
|
7 |
|a TBC
|2 bicssc
|
| 072 |
|
7 |
|a KJMV
|2 bicssc
|
| 072 |
|
7 |
|a TEC000000
|2 bisacsh
|
| 082 |
0 |
4 |
|a 658.5
|2 23
|
| 245 |
1 |
0 |
|a Humanitarian Logistics and Sustainability
|h [electronic resource] /
|c edited by Matthias Klumpp, Sander de Leeuw, Alberto Regattieri, Robert de Souza.
|
| 264 |
|
1 |
|a Cham :
|b Springer International Publishing :
|b Imprint: Springer,
|c 2015.
|
| 300 |
|
|
|a VIII, 260 p. 62 illus., 41 illus. in color.
|b online resource.
|
| 336 |
|
|
|a text
|b txt
|2 rdacontent
|
| 337 |
|
|
|a computer
|b c
|2 rdamedia
|
| 338 |
|
|
|a online resource
|b cr
|2 rdacarrier
|
| 347 |
|
|
|a text file
|b PDF
|2 rda
|
| 490 |
1 |
|
|a Lecture Notes in Logistics,
|x 2194-8917
|
| 505 |
0 |
|
|a From the Contents: Part I Strategies for Sustainability -- Sustainability in Humanitarian Logistics.- Part II Sustainable Operations in Procurement and Preparedness -- Investigating the Barriers to Sustainable Procurement in the United Nations -- Part III Sustainable Operations Implementation -- Hazardous Goods in Humanitarian Supply Chains -- Part IV Sustainability Evaluation and Case Studies.
|
| 520 |
|
|
|a This contributed volume combines conceptual and strategic research articles dealing with the "why" and "to what end" of sustainable operations in humanitarian logistics, as well as operational research contributions regarding the "how" from the United Nations as well as from researchers and organizations from different countries (Germany, Australia, Singapore, Italy, Denmark, Jordan). The target audience primarily comprises research experts, decision makers and practitioners in the field, but the book may also be beneficial for graduate students.
|
| 650 |
|
0 |
|a Engineering.
|
| 650 |
|
0 |
|a Production management.
|
| 650 |
|
0 |
|a Engineering economics.
|
| 650 |
|
0 |
|a Engineering economy.
|
| 650 |
|
0 |
|a Sustainable development.
|
| 650 |
1 |
4 |
|a Engineering.
|
| 650 |
2 |
4 |
|a Engineering Economics, Organization, Logistics, Marketing.
|
| 650 |
2 |
4 |
|a Operations Management.
|
| 650 |
2 |
4 |
|a Sustainable Development.
|
| 700 |
1 |
|
|a Klumpp, Matthias.
|e editor.
|
| 700 |
1 |
|
|a Leeuw, Sander de.
|e editor.
|
| 700 |
1 |
|
|a Regattieri, Alberto.
|e editor.
|
| 700 |
1 |
|
|a Souza, Robert de.
|e editor.
|
| 710 |
2 |
|
|a SpringerLink (Online service)
|
| 773 |
0 |
|
|t Springer eBooks
|
| 776 |
0 |
8 |
|i Printed edition:
|z 9783319154541
|
| 830 |
|
0 |
|a Lecture Notes in Logistics,
|x 2194-8917
|
| 856 |
4 |
0 |
|u http://dx.doi.org/10.1007/978-3-319-15455-8
|z Full Text via HEAL-Link
|
| 912 |
|
|
|a ZDB-2-ENG
|
| 950 |
|
|
|a Engineering (Springer-11647)
|